Most Appearances in the Champions League - Statistics

General Stats
  • This quiz has been taken 2,178 times
    524 since last reset
  • The average score is 23 of 31
Answer Stats
# Apps. Nationality Answer % Correct
1 183 Portugal Cristiano Ronaldo
100%
3 163 Argentina Lionel Messi
100%
10 142 Croatia Luka Modrić
94%
3 163 Germany Thomas Müller
94%
14 133 Poland Robert Lewandowski
93%
15 130 Spain Andrés Iniesta
89%
6 151 Spain Xavi Hernández
89%
19 124 Sweden Zlatan Ibrahimović
89%
10 142 Spain Sergio Ramos
88%
2 177 Spain Iker Casillas
87%
8 150 Germany Manuel Neuer
87%
9 145 Wales Ryan Giggs
80%
5 152 France Karim Benzema
78%
6 151 Germany Toni Kroos
78%
22 122 Austria David Alaba
74%
17 128 Spain Gerard Piqué
74%
19 124 Italy Gianluigi Buffon
74%
16 129 Spain Sergio Busquets
74%
30 111 Czech Republic Petr Čech
71%
28 112 Germany Philipp Lahm
71%
13 135 Italy Paolo Maldini
69%
10 142 Spain Raúl González
69%
27 115 Spain Carles Puyol
66%
28 112 France Thierry Henry
66%
23 120 Portugal Pepe
63%
26 116 Argentina Angel Di Maria
55%
19 124 England Paul Scholes
52%
30 111 Brazil Dani Alves
46%
25 119 Spain Xabi Alonso
42%
23 120 Brazil Roberto Carlos
39%
18 125 Netherlands Clarence Seedorf
33%
No matching quizzes found
Score Distribution
Percent of People with Each Score
Percentile by Number Answered
Your Score History
You have not taken this quiz since the last reset